ბათუმის შოთა რუსთაველის სახელმწიფო უნივერსიტეტის ბიბლიოთეკა

თხზულებანი. ტ.1 მოლიპულ გზაზე (ბიბ.ჩანაწერი № 41710)

000 -LEADER
fixed length control field 00852nam a2200217Ia 4500
001 - CONTROL NUMBER
control field 8387
003 - CONTROL NUMBER IDENTIFIER
control field GE_BSU
008 - FIXED-LENGTH DATA ELEMENTS--GENERAL INFORMATION
fixed length control field 181216s||||||||xx |||||||||||||| ||und||
040 ## - CATALOGING SOURCE
Transcribing agency GE_BSU
080 ## - UNIVERSAL DECIMAL CLASSIFICATION NUMBER
Universal Decimal Classification number 821.353.1-31
100 ## - MAIN ENTRY--PERSONAL NAME
Personal name ერისთავ–ხოშტარია,ანასტასია
245 ## - TITLE STATEMENT
Title თხზულებანი. ტ.1 მოლიპულ გზაზე
245 ## - TITLE STATEMENT
Statement of responsibility, etc. წინასიტყვ.ავტ.შ. სარედ. კოლეგ. გ.ლეონიძე.შ.აფხაიძე. გ.შატბერაშვილი.
260 ## - PUBLICATION, DISTRIBUTION, ETC.
Place of publication, distribution, etc. თბილისი
260 ## - PUBLICATION, DISTRIBUTION, ETC.
Name of publisher, distributor, etc. სახელგამი
260 ## - PUBLICATION, DISTRIBUTION, ETC.
Date of publication, distribution, etc. 1952
300 ## - PHYSICAL DESCRIPTION
Extent 400გვ.1ფ.პორტრ..21სმ.
653 ## - INDEX TERM--UNCONTROLLED
Uncontrolled term თხზულებანი.
653 ## - INDEX TERM--UNCONTROLLED
Uncontrolled term მოლიპულ გზაზე
942 ## - ADDED ENTRY ELEMENTS (KOHA)
Koha item type წიგნი
ეგზემპლარები
Withdrawn status Lost status Damaged status Not for loan Date acquired Barcode Date last seen Price effective from Koha item type
        2018-12-17 30279 2018-12-17 2018-12-17 წიგნი
        2018-12-17 30280 2018-12-17 2018-12-17 წიგნი
        2018-12-17 30281 2018-12-17 2018-12-17 წიგნი
        2018-12-17 30282 2018-12-17 2018-12-17 წიგნი
        2018-12-17 30284 2018-12-17 2018-12-17 წიგნი
        2018-12-17 30285 2018-12-17 2018-12-17 წიგნი
        2018-12-17 30286 2018-12-17 2018-12-17 წიგნი
        2018-12-17 30287 2018-12-17 2018-12-17 წიგნი
        2018-12-17 30288 2018-12-17 2018-12-17 წიგნი
        2018-12-17 30289 2018-12-17 2018-12-17 წიგნი
        2018-12-17 30290 2018-12-17 2018-12-17 წიგნი
        2018-12-17 30291 2018-12-17 2018-12-17 წიგნი
        2018-12-17 31311 2018-12-17 2018-12-17 წიგნი